00406pab a2200145 454500008004000000100001500040245008800055260000900143300001400152362000800166650002600174650001800200650001000218773003200228180718b2003 xxu||||| |||| 00| 0 eng d aJain, A.K. aChallenges before the banking and financial sectors in the context of globalisation c2003 ap.183-87. aJul aGlobalization - India aBanks - India aBanks aIndian Journal of Economics